|
|
|
|
| LEADER |
01034nam a2200265 a 4500 |
| 001 |
748116 |
| 008 |
091012r20051951 ilub b 000 0 eng d |
| 010 |
|
|
|a 51009585
|
| 020 |
|
|
|a 0415278317
|
| 020 |
|
|
|a 0415278309
|
| 040 |
|
|
|a DLC
|c DLC
|d DLC
|
| 082 |
0 |
0 |
|a 394.8
|2 22
|
| 100 |
1 |
|
|a Durkheim, Emile,
|d 1858-1917.
|
| 240 |
1 |
0 |
|a Suicide.
|l English
|
| 245 |
1 |
0 |
|a Suicide,
|b a study in sociology:
|c translated by John A. Spaulding and George Simpson. Edited, with an introd., by George Simpson.
|
| 260 |
|
|
|a Glencoe, Ill.,
|b Free Press ;
|a London :
|b Routledge,
|c 1951 [Reprinted 2005]
|
| 300 |
|
|
|a lii, 374 p.
|b ill.maps.
|c 20 cm.
|
| 504 |
|
|
|a Bibliographical footnotes.
|
| 541 |
1 |
|
|e 00014228
|
| 650 |
|
0 |
|a Suicide
|x Sociological aspects.
|
| 700 |
1 |
|
|a Spaulding,John A.
|
| 700 |
1 |
|
|a Simpson,George
|
| 852 |
4 |
|
|a Ayesha Abed Library
|j General shelf
|
| 999 |
|
|
|c 7991
|d 7991
|
| 952 |
|
|
|0 0
|1 0
|2 ddc
|4 0
|6 394_800000000000000_DUR_2005
|7 0
|9 9039
|a BRACUL
|b BRACUL
|c GEN
|d 2010-04-07
|l 5
|m 36
|o 394.8 DUR
|p 3010014228
|r 2024-05-14
|s 2024-02-06
|t 1
|w 2010-04-07
|y BK
|